| 000 | 00437cam a22001337a 4500 | ||
|---|---|---|---|
| 008 | 180718b1948 xxu||||| |||| 00| 0 eng d | ||
| 082 | _aU5x42 F462 | ||
| 100 | _aFienburgh, Wilfred | ||
| 245 |
_aSteel is power: the case for nationalisation _cby Wilfred Fiemburgh and Richard Evely |
||
| 260 |
_aLondon _bVictor Gollancz _c1948 |
||
| 300 | _a136p. | ||
| 650 | _aSteel Industry and Trade - govt. Ownership - U.K. | ||
| 700 | _aEvely, Richard | ||
| 999 |
_c365404 _d365404 |
||